[Event "Rowy op 09"]
[Site "Rowy"]
[Date "2012.09.??"]
[Round "9"]
[White "Zinczuk, Leon"]
[Black "Rogalski, Krzysztof"]
[Result "1/2-1/2"]
[WhiteElo "1907"]
[BlackElo "1854"]
[PlyCount "33"]
[EventDate "2012.09.??"]
[EventType "swiss"]
[EventRounds "9"]
[EventCountry "POL"]
[SourceTitle "EXT 2014"]
[Source "ChessBase"]
[SourceDate "2013.11.20"]
[SourceVersion "1"]
[SourceVersionDate "2013.11.20"]
[SourceQuality "1"]

1. e4 c5 2. Nf3 e6 3. d4 cxd4 4. Nxd4 a6 5. Bd3 Nf6 6. 0-0 Qc7 7. Nc3 Nc6 8. Nxc6 bxc6 9. Qe2 d6 10. f4 e5 11. h3 Be7 12. Be3 0-0 13. b3 d5 14. fxe5 Qxe5 15. Na4 Nxe4 16. Bf4 Qd4+ 17. Be3 1/2-1/2

[Event "EU-ch rapid"]
[Site "Warsaw"]
[Date "2010.12.18"]
[Round "1"]
[White "Riazantsev, Alexander"]
[Black "Zinczuk, Leon"]
[Result "1-0"]
[WhiteElo "2689"]
[BlackElo "1890"]
[PlyCount "64"]
[EventDate "2010.12.18"]
[EventType "swiss (rapid)"]
[EventRounds "13"]
[EventCountry "POL"]
[SourceTitle "CBM 139 Extra"]
[Source "ChessBase"]
[SourceDate "2011.01.05"]
[SourceVersion "1"]
[SourceVersionDate "2011.01.05"]
[SourceQuality "1"]

1. d4 Nf6 2. c4 e6 3. Nf3 b6 4. a3 Bb7 5. Nc3 d5 6. cxd5 exd5 7. Bf4 Be7 8. e3 0-0 9. Bd3 Re8 10. h3 a6 11. 0-0 Nbd7 12. Rc1 c5 13. Bb1 c4 14. a4 Bc6 15. Ne5 Nxe5 16. dxe5 Ne4 17. Nxe4 dxe4 18. Rxc4 Rc8 19. Rd4 Qc7 20. e6 Qb7 21. Rd7 Rcd8 22. exf7+ Kxf7 23. Qh5+ Kg8 24. Rxb7 Bxb7 25. Rc1 Bd5 26. Be5 Bf8 27. Rc7 Re7 28. Rxe7 Bxe7 29. Qg4 Bf8 30. Bxe4 Bf7 31. Bxh7+ Kh8 32. Bc2 Kg8 1-0

[Event "Rowy Seniors-ch 15th"]
[Site "Rowy"]
[Date "2009.09.09"]
[Round "2"]
[White "Grabarczyk, Edmund"]
[Black "Zinczuk, Leon"]
[Result "0-1"]
[WhiteElo "1572"]
[BlackElo "1911"]
[PlyCount "108"]
[EventDate "2009.09.08"]
[EventType "swiss"]
[EventRounds "9"]
[EventCountry "POL"]
[SourceTitle "EXT 2010"]
[Source "ChessBase"]
[SourceDate "2010.11.25"]
[SourceVersion "1"]
[SourceVersionDate "2010.11.25"]
[SourceQuality "1"]

1. e4 c5 2. Nf3 Nc6 3. d4 cxd4 4. Nxd4 g6 5. c4 Bg7 6. Be3 Nf6 7. Nc3 Ng4 8. Qxg4 Nxd4 9. Qd1 Ne6 10. Qd2 Qa5 11. Rc1 b6 12. Bd3 Bb7 13. Bb1 Rc8 14. b3 g5 15. 0-0 Qe5 16. f4 gxf4 17. Bxf4 Nxf4 18. Qxf4 Qxf4 19. Rxf4 Bd4+ 20. Kh1 Rg8 21. Rf3 Be5 22. Nd5 Rg6 23. Rcf1 f6 24. Ne3 Kf7 25. h3 e6 26. Ng4 Bb2 27. R1f2 Ba1 28. a3 h5 29. Ne3 Be5 30. Rd2 Ke7 31. Nf1 Rg5 32. Rfd3 d6 33. Rf3 f5 34. Rdf2 Rg7 35. Nd2 Rcg8 36. Re2 Rg5 37. b4 Rc8 38. Rb3 fxe4 39. Bxe4 Bxe4 40. Rxe4 d5 41. Re1 dxc4 42. Rbe3 c3 43. Nf3 c2 44. Nxg5 c1Q 45. Rxe5 Qxa3 46. Nxe6 Kf6 47. R5e3 Qxb4 48. Rf1+ Ke7 49. Ng5+ Kd7 50. Rf7+ Kc6 51. Re6+ Kb5 52. Re5+ Rc5 53. Rff5 Qb1+ 54. Kh2 Qxf5 0-1

[Event "Bialystok Zamenhof Memorial"]
[Site "Bialystok"]
[Date "2008.12.27"]
[Round "1"]
[White "Zinczuk, Leon"]
[Black "Kostyra, Stanislaw"]
[Result "0-1"]
[WhiteElo "1939"]
[BlackElo "2284"]
[PlyCount "70"]
[EventDate "2008.12.27"]
[EventType "swiss"]
[EventRounds "9"]
[EventCountry "POL"]
[SourceTitle "EXT 2010"]
[Source "ChessBase"]
[SourceDate "2010.11.25"]
[SourceVersion "1"]
[SourceVersionDate "2010.11.25"]
[SourceQuality "1"]

1. e4 c5 2. Nf3 Nc6 3. d4 cxd4 4. Nxd4 e6 5. Nc3 Qc7 6. Be2 a6 7. 0-0 Nf6 8. Be3 Bb4 9. Na4 0-0 10. Nxc6 bxc6 11. Nb6 Rb8 12. Nxc8 Rfxc8 13. Bxa6 Re8 14. Bd3 Bd6 15. Kh1 Be5 16. c4 Bxb2 17. Rb1 c5 18. f4 e5 19. Qe2 exf4 20. Bxf4 Be5 21. Bg5 Rxb1 22. Bxb1 h6 23. Bxf6 Bxf6 24. Qh5 Re5 25. Qf3 Re6 26. Qf5 g6 27. Qf3 Kg7 28. g3 Qe5 29. Bd3 Ra6 30. Bb1 Rb6 31. a4 Rb4 32. Qd3 Qe6 33. Ba2 Rb2 34. Bb3 Qh3 35. Qf3 Qxh2# 0-1

[Event "Rowy Veterans 14th"]
[Site "Rowy"]
[Date "2008.09.04"]
[Round "7.7"]
[White "Kowalska, Elzbieta"]
[Black "Zinczuk, Leon"]
[Result "1/2-1/2"]
[WhiteElo "1942"]
[BlackElo "1921"]
[PlyCount "36"]
[EventDate "2008.08.30"]
[EventType "swiss"]
[EventRounds "9"]
[EventCountry "POL"]
[SourceTitle "EXT 2023"]
[Source "ChessBase"]
[SourceDate "2022.10.05"]
[SourceVersion "1"]
[SourceVersionDate "2022.10.05"]
[SourceQuality "1"]

1. e4 c5 2. Nf3 Nc6 3. d4 cxd4 4. Nxd4 g6 5. c4 Bg7 6. Be3 Nf6 7. Nc3 Ng4 8. Qxg4 Nxd4 9. Qd1 Ne6 10. Rc1 0-0 11. Bd3 b6 12. b3 Bb7 13. 0-0 Nc5 14. f3 Nxd3 15. Qxd3 d6 16. Rfd1 Bc6 17. a4 Qc7 18. Nd5 Qb7 1/2-1/2

[Event "Rowy Veterans 14th"]
[Site "Rowy"]
[Date "2008.09.03"]
[Round "6.5"]
[White "Zinczuk, Leon"]
[Black "Ciszewski, Eugeniusz"]
[Result "1/2-1/2"]
[WhiteElo "1921"]
[BlackElo "2002"]
[PlyCount "20"]
[EventDate "2008.08.30"]
[EventType "swiss"]
[EventRounds "9"]
[EventCountry "POL"]
[SourceTitle "EXT 2023"]
[Source "ChessBase"]
[SourceDate "2022.10.05"]
[SourceVersion "1"]
[SourceVersionDate "2022.10.05"]
[SourceQuality "1"]

1. e4 e5 2. Nf3 Nf6 3. Nxe5 d6 4. Nf3 Nxe4 5. d4 d5 6. Bd3 Nd6 7. 0-0 Be7 8. Re1 0-0 9. h3 c6 10. Bf4 Be6 1/2-1/2

[Event "Bialystok Zamenhof Memorial-A"]
[Site "Bialystok"]
[Date "2007.12.28"]
[Round "4.8"]
[White "Strojek, Kazimierz"]
[Black "Zinczuk, Leon"]
[Result "1-0"]
[WhiteElo "1918"]
[BlackElo "1895"]
[PlyCount "76"]
[EventDate "2007.12.27"]
[EventType "swiss"]
[EventRounds "9"]
[EventCountry "POL"]
[SourceTitle "EXT 2023"]
[Source "ChessBase"]
[SourceDate "2022.10.05"]
[SourceVersion "1"]
[SourceVersionDate "2022.10.05"]
[SourceQuality "1"]

1. e4 c5 2. Nc3 Nc6 3. g3 g6 4. Bg2 Bg7 5. d3 d6 6. Nd5 e6 7. Nf4 Nge7 8. c3 e5 9. Nfe2 b5 10. Nh3 Bd7 11. f3 Rb8 12. Nf2 f5 13. h4 h6 14. Be3 b4 15. c4 Qa5 16. Qd2 Nd4 17. 0-0 0-0 18. Nxd4 cxd4 19. Bxh6 Qd8 20. Qg5 Bf6 21. Qd2 Rf7 22. Nh3 Rh7 23. Bg5 Bg7 24. Rac1 Qf8 25. b3 a5 26. Rc2 Nc6 27. exf5 gxf5 28. Nf2 Nd8 29. g4 Ne6 30. gxf5 Qxf5 31. Ne4 Qf8 32. f4 Nxf4 33. Bxf4 exf4 34. Rxf4 Qe7 35. Qf2 Be5 36. Nf6+ Bxf6 37. Rxf6 Qe3 38. Bd5+ Kh8 1-0

[Event "Bialystok Zamenhof Memorial-A"]
[Site "Bialystok"]
[Date "2007.12.27"]
[Round "1.5"]
[White "Zinczuk, Leon"]
[Black "Lapinski, Krzysztof"]
[Result "0-1"]
[WhiteElo "1895"]
[BlackElo "2172"]
[PlyCount "62"]
[EventDate "2007.12.27"]
[EventType "swiss"]
[EventRounds "9"]
[EventCountry "POL"]
[SourceTitle "EXT 2023"]
[Source "ChessBase"]
[SourceDate "2022.10.05"]
[SourceVersion "1"]
[SourceVersionDate "2022.10.05"]
[SourceQuality "1"]

1. e4 c5 2. Nf3 Nc6 3. d4 cxd4 4. Nxd4 Nf6 5. Nc3 e5 6. Ndb5 d6 7. Bg5 a6 8. Na3 b5 9. Bxf6 gxf6 10. Nd5 Bg7 11. Bd3 Ne7 12. Nxe7 Qxe7 13. Qe2 f5 14. c3 0-0 15. Nc2 d5 16. f3 fxe4 17. fxe4 f5 18. Ne3 dxe4 19. Bc2 Qc5 20. Bb3+ Kh8 21. 0-0-0 Bh6 22. Rhe1 Bb7 23. Kb1 Bxe3 24. Qxe3 Qxe3 25. Rxe3 f4 26. Rh3 Rad8 27. Kc1 Rxd1+ 28. Kxd1 f3 29. gxf3 exf3 30. Ke1 f2+ 31. Kf1 Bg2+ 0-1

[Event "POL-ch Seniors 18th"]
[Site "Rowy"]
[Date "2007.09.10"]
[Round "3.12"]
[White "Zinczuk, Leon"]
[Black "Lipski, Tadeusz"]
[Result "0-1"]
[WhiteElo "1895"]
[BlackElo "2150"]
[PlyCount "48"]
[EventDate "2007.09.09"]
[EventType "swiss"]
[EventRounds "9"]
[EventCountry "POL"]
[SourceTitle "EXT 2023"]
[Source "ChessBase"]
[SourceDate "2022.10.05"]
[SourceVersion "1"]
[SourceVersionDate "2022.10.05"]
[SourceQuality "1"]

1. e4 e5 2. Nf3 f5 3. Nc3 Nc6 4. Bb5 fxe4 5. Nxe4 d5 6. Nxe5 dxe4 7. Nxc6 Qg5 8. Qe2 Nf6 9. f4 Qxf4 10. Nxa7+ Bd7 11. Bxd7+ Kxd7 12. Nb5 c6 13. Nc3 Bd6 14. d4 Qh4+ 15. Qf2 Qh5 16. Be3 b5 17. Kd2 b4 18. Nd1 Ra6 19. h3 Rha8 20. g4 Nxg4 21. Qe2 Nf6 22. Qxh5 Nxh5 23. c4 Rxa2 24. Rxa2 Rxa2 0-1

[Event "Bialystok Spring op"]
[Site "Bialystok"]
[Date "2007.05.02"]
[Round "6"]
[White "Malec, Sebastian"]
[Black "Zinczuk, Leon"]
[Result "1/2-1/2"]
[WhiteElo "1734"]
[BlackElo "1932"]
[PlyCount "76"]
[EventDate "2007.04.30"]
[EventType "swiss"]
[EventRounds "9"]
[EventCountry "POL"]
[SourceTitle "EXT 2011"]
[Source "ChessBase"]
[SourceDate "2010.11.26"]
[SourceVersion "1"]
[SourceVersionDate "2010.11.26"]
[SourceQuality "1"]

1. e4 c5 2. Nf3 Nc6 3. d4 cxd4 4. Nxd4 g6 5. Nc3 Bg7 6. Be3 Nf6 7. Be2 0-0 8. 0-0 d5 9. exd5 Nxd5 10. Nxd5 Qxd5 11. Bf3 Qc4 12. Nxc6 bxc6 13. c3 Bf5 14. Qb3 Qa6 15. a4 Rab8 16. Qa3 e5 17. Bc5 e4 18. Bd1 Rfd8 19. Re1 Rd2 20. b4 Qb7 21. Rc1 Be6 22. Bb3 Bd5 23. Red1 Rxd1+ 24. Bxd1 a5 25. Be2 axb4 26. cxb4 Bf8 27. Bxf8 Rxf8 28. b5 cxb5 29. Bxb5 Ra8 30. Qc5 e3 31. f3 e2 32. Bxe2 Rxa4 33. Rd1 Be6 34. Rd8+ Kg7 35. Qf8+ Kf6 36. Qh8+ Kg5 37. Qe5+ Kh6 38. Qe3+ Kg7 1/2-1/2